中国所有“单字县”Counties whose Names Are 1 Character Long in China - Statistics

General Stats
  • This quiz has been taken 399 times
    322 since last reset
  • The average score is 39 of 104
Answer Stats
上级行政区 县级行政区 县级行政区地名不为“某县”的特殊标记 % Correct
菏泽市 曹县
64%
徐州市 沛县
62%
徐州市 丰县
60%
晋城市 | 汕尾市 | 阳泉市 城区 市辖区
59%
佳木斯市 | 铜陵市 | 阳泉市 郊区 市辖区
58%
黄山市 歙县
52%
黄山市 黟县
51%
攀枝花市 东区 市辖区
51%
攀枝花市 西区 市辖区
51%
阳泉市 矿区 市辖区
50%
德宏傣族景颇族自治州 芒市 县级市
49%
菏泽市 单县
48%
石家庄市 赵县
47%
保定市 易县
47%
常德市 澧县
47%
马鞍山市 和县
46%
邯郸市 魏县
45%
锦州市 义县
45%
益阳市 南县
45%
陇南市 文县
45%
陇南市 礼县
45%
保定市 蠡县
44%
张家口市 蔚县
44%
邯郸市 涉县
42%
阿坝藏族羌族自治州 理县
42%
陇南市 成县
42%
日照市 莒县
41%
开封市 杞县
41%
安阳市 滑县
41%
鹤壁市 淇县
41%
重庆市 忠县
41%
沧州市 沧县
39%
阳泉市 盂县
39%
临汾市 隰县
39%
鹤壁市 浚县
39%
信阳市 息县
39%
随州市 随县
39%
邯郸市 磁县
38%
宿州市 萧县
38%
泸州市 泸县
38%
邢台市 威县
37%
沧州市 青县
37%
临汾市 吉县
37%
吕梁市 临县
37%
哈尔滨市 宾县
37%
淮南市 寿县
37%
信阳市 新县
37%
晋中市 祁县
36%
聊城市 莘县
36%
临汾市 古县
35%
濮阳市 范县
35%
榆林市 佳县
35%
宣城市 泾县
34%
临沧市 云县
34%
陇南市 徽县
34%
宿州市 泗县
33%
阿坝藏族羌族自治州 茂县
33%
宝鸡市 凤县
33%
保定市 唐县
32%
焦作市 温县
32%
延安市 富县
32%
汉中市 洋县
32%
保定市 雄县
31%
十堰市 房县
31%
庆阳市 环县
31%
聊城市 冠县
30%
平顶山市 郏县
30%
商丘市 睢县
30%
宜宾市 高县
30%
衡水市 景县
29%
朔州市 应县
29%
运城市 绛县
29%
梧州市 藤县
29%
宝鸡市 陇县
29%
陇南市 康县
29%
临沂市 费县
28%
平顶山市 叶县
28%
庆阳市 宁县
28%
沧州市 献县
27%
长治市 沁县
27%
临汾市 蒲县
27%
洛阳市 嵩县
27%
株洲市 攸县
27%
永州市 道县
27%
自贡市 荣县
27%
宜宾市 珙县
27%
林芝市 朗县
27%
汉中市 勉县
27%
定西市 岷县
27%
吕梁市 岚县
26%
玉林市 容县
26%
那曲市 索县
26%
忻州市 代县
25%
吕梁市 兴县
25%
宝鸡市 眉县
25%
咸阳市 乾县
25%
定西市 漳县
25%
邯郸市 邱县
24%
运城市 夏县
24%
达州市 渠县
24%
No matching quizzes found
Score Distribution
Percent of People with Each Score
Percentile by Number Answered
Your Score History
You have not taken this quiz since the last reset